000 00304nam a22001337a 4500
020 _qHB.
040 _cFIZZA ISHAQ
082 _a658
_bJIM
100 _aCOLLINS,JIM
_920655
245 _aGOOD TO GREAT /
_cJIM COLLINS.
260 _aNEW YORK ;
_bCOLLINS,
_c2001.
300 _a300 P. ;
942 _2ddc
_cBK
999 _c616670
_d616670